00588 2200205 4500001002100000005001700021008004100038035002600079245002100105100002100126250000600147260008100153300002400234020002200258082000800280084001600288520001400304650004600318990001800364INLIS00000000000228320191229234024.0191229| ||| | ind  a 0010-12190000000228300cUlil amri Syafri0 aUlil amri Syafri a2 aPT. RajaGrafindo Persada : JakartabPT. RajaGrafindo Persada : Jakartac2014 a153 hlm ;c153 hlm, a978-979-769-493-70 a300 a370.114.2X1 aAPBD 2014 0aPendidikan Karakter Al-Qur'an 370.114.2x1 aB201509184728